000 00261nam a2200109Ia 4500
008 231129s9999||||xx |||||||||||||| ||spa||
082 _aCo863.6 C157cr
100 _aCallejas Jesús I.
245 0 _aCrónicas del olimpo
264 _aS.L : S.N
942 _2ddc
_cBKS
999 _c8315
_d8315